[Event "British Chess Championships 2023: U8 Championship"]
[Site "The Venue, De Montfort University, 20 Western Boulevard, Leicester, LE2 7BU"]
[Date "2023.07.29"]
[Round "7"]
[Board "13"]
[White "Mun, Jasper"]
[Black "Tang, Sara"]
[Result "1-0"]
[WhiteElo "736"]
[BlackElo "734"]
[PlyCount "0"]
[EventDate "2023.07.25"]
[EventRounds "7"]
[EventCountry "ENG"]

1. e4 e5 2. Nf3 Nc6 3. Nc3 Nf6 4. Bb5 Bb4 5. Bxc6 dxc6 6. O-O O-O 7. d3 Bxc3 8. bxc3
Qd7 9. Nxe5 Qd6 10. d4 Be6 11. c4 g6 12. c5 Qd8 13. Bh6 Nh5 14. Bxf8 Nf4 15. Qd2
Qg5 16. g3 Rxf8 17. h4 Qd8 18. Qxf4 Bh3 19. Rfd1 h6 20. Qxh6 Qc8 21. d5 b6 22. cxb6
Qa6 23. bxa7 Ra8 24. dxc6 f6 25. Qxg6+ Kh8 26. Nf7#  1-0